000 00383nam a2200145 i 4500
001 bg
100 1 _aIZUMOV, Urij. A.
245 0 _aTeorija magnito-uporiadocennych kristallov s primesjami /
_cJu.A. Izjumov, M.V. Medvedev.
260 _aMoskva,
_c1970.
700 1 _aMEDVEDEV, M. V.
040 _cBPK
041 _apol
942 _cKS
008 s pl f |000 0 pol
999 _c26678
_d26678
856 _uhttp://koha.tu.koszalin.pl/cgi-bin/koha/opac-detail.pl?biblionumber=26678
_yKatalog online BPK